skbl

Dr Suryya Kumar Bhuyan Library Web-OPAC
ডঃ সূৰ্য্য
কুমাৰ ভূঞা পুথিভঁৰাল ৱেব-অ'পেক

All Research Scholars are advised to clear the annual library fees to continue using Library Resources, Remote Access, Plagiarism Test and Library Clearance.

Cotton University Book Fair 2026

The Mind / (Record no. 531)

MARC details
000 -LEADER
fixed length control field 00629nam a2200253Ia 4500
001 - CONTROL NUMBER
control field 533
005 - DATE AND TIME OF LATEST TRANSACTION
control field 20240113233418.0
007 - PHYSICAL DESCRIPTION FIXED FIELD--GENERAL INFORMATION
fixed length control field ta
008 - FIXED-LENGTH DATA ELEMENTS--GENERAL INFORMATION
fixed length control field 050119s1964 a g b000 u eng u
020 ## - INTERNATIONAL STANDARD BOOK NUMBER
Terms of availability HB
040 ## - CATALOGING SOURCE
Original cataloging agency Cotton College,Assam
041 ## - LANGUAGE CODE
Language code of text/sound track or separate title eng
082 ## - DEWEY DECIMAL CLASSIFICATION NUMBER
Classification number 150
Item number Wi 694 Mi
100 ## - MAIN ENTRY--PERSONAL NAME
Personal name Wilson, John Rowan .
245 #0 - TITLE STATEMENT
Title The Mind /
Statement of responsibility, etc. John Rowan Wilson.
Medium Textual Documents
250 ## - EDITION STATEMENT
Edition statement 1st ed /
260 ## - PUBLICATION, DISTRIBUTION, ETC.
Place of publication, distribution, etc. New York :
Name of publisher, distributor, etc. Time incorporated ,
Date of publication, distribution, etc. c1964.
300 ## - PHYSICAL DESCRIPTION
Extent 200p. :
Other physical details ill ;
Dimensions 27cm .
653 ## - INDEX TERM--UNCONTROLLED
Uncontrolled term Psychology
653 ## - INDEX TERM--UNCONTROLLED
Uncontrolled term Mind
942 ## - ADDED ENTRY ELEMENTS (KOHA)
Source of classification or shelving scheme Dewey Decimal Classification
Koha item type Books
Holdings
Withdrawn status Lost status Damaged status Not for loan Collection Home library Current library Date acquired Coded location qualifier Total checkouts Full call number Barcode Date last seen Copy number Price effective from Koha item type
      Not for loan   Dr. Suryya Kumar Bhuyan Library Dr. Suryya Kumar Bhuyan Library 01/02/2012 00000   150 Wi 694 Mi 57449/199 13/01/2024 1 01/02/2012 Books

Designed and Maintained by Team SKBL
©1901-2026

Powered by Koha